00622nam a2200157Ia 4500008004100000040000800041082001700049100002100066245001100087264002000098942001300118952010600131952010600237952010600343999001500449231129s9999||||xx |||||||||||||| ||spa|| bspa a623.82 L673b aLewis Edward V. 0aBarcos aTime-Life Books 2ddccBKS 00102ddc4070aBRCbBRCd2009-07-09l0o623.82 L673bp28378r2023-11-29 20:58:21t2w2023-11-29yBK 00102ddc4070aBRCbBRCd2010-09-16l0o623.82 L673bp15406r2023-11-29 20:58:21t1w2023-11-29yBK 00102ddc4070aBRCbBRCd2011-11-09l0o623.82 L673bp29962r2023-11-29 20:58:21t1w2023-11-29yBK c6039d6039